00242pam a2200097 a 4500020000500000041000500005100002800010245006700038260003000105300000900135 c h aVandana Shiva,eAuthor. aBiopiracy The plunder of Nature & KnowledgehTextual Documents a[s.l]:bNatraj Publishers a148.